| 000 | 00533 a2200181 4500 | ||
|---|---|---|---|
| 999 |
_c4858 _d4858 |
||
| 020 | _a9789380026992 | ||
| 050 |
_aQA188 _bRAO 2011 |
||
| 100 |
_aRao, G. Shanher _eauthor |
||
| 245 |
_aLinear Algebra / _cG. Shanker Rao |
||
| 264 |
_aNew Delhi : _bI.K.International Publishing House Pvt.Ltd, _c2011 |
||
| 300 | _aixx; 263pages : | ||
| 336 |
_2rdacontent _atext _btxt |
||
| 337 |
_2rdamedia _aunmediated _bn |
||
| 338 |
_2rdacarrier _avolume _bnc |
||
| 500 | _aIncludes index | ||
| 650 | _aLinear Algebra | ||
| 942 |
_2lcc _cBK _h188 _iRAO _kQA |
||